Bi kịch cá nhân trong tiểu thuyết Nỗi lòng của Natsume Soseki

Natsume Soseki trong dòng chảy văn học Nhật Bản hiện đại. Nỗi lòng –con người và những bi kịch thời hiện đại. Nỗi lòng – mỹ học của cái chết

Shranjeno v:
Bibliografske podrobnosti
Glavni avtor: Võ Thị Thu Bình
Drugi avtorji: Nguyễn Phương Khánh (Hướng dẫn)
Format: Knjiga
Jezik:Vietnamese
Izdano: Đà Nẵng Đại học Sư phạm, Đại học Đà Nẵng 2013
Teme:
Oznake: Označite
Brez oznak, prvi označite!
Thư viện lưu trữ: Mạng thư viện Đại học Đà Nẵng
LEADER 01700nam a2200385 4500
001 000018931
003 15366
005 20140311100344.0
008 140221s2013 viesd
041 |a vie 
072 |a vie 
082 1 4 |a 895.634  |b VO-B 
100 1 |a Võ Thị Thu Bình 
245 1 0 |a Bi kịch cá nhân trong tiểu thuyết Nỗi lòng của Natsume Soseki  |c Võ Thị Thu Bình ; Nguyễn Phương Khánh hướng dẫn  |k Khóa luận tốt nghiệp 
260 |a Đà Nẵng  |b Đại học Sư phạm, Đại học Đà Nẵng  |c 2013 
300 |a 62 tr.  |c 29 cm. 
500 |a Khóa luận tốt nghiệp đại học. Chuyên ngành: Cử nhân Văn học 
520 |a Natsume Soseki trong dòng chảy văn học Nhật Bản hiện đại. Nỗi lòng –con người và những bi kịch thời hiện đại. Nỗi lòng – mỹ học của cái chết 
600 1 4 |a Soseki, Natsume  |d 1867-1916  |t Nỗi lòng 
650 0 4 |a Tiểu thuyết Nhật bản  |v Khóa luận tốt nghiệp  |x Soseki, Natsume 
653 |a Tiểu thuyết Nhật bản 
653 |a Bi kịch cá nhân 
653 |a Khoa Ngữ văn 
653 |a Nỗi lòng 
700 1 |a Nguyễn Phương Khánh  |e Hướng dẫn 
OWN |a LSP 
AVA |a UDN50  |b LSP  |d 895.634 VO-B  |e available  |t Error 5001 Not defined in file expand_doc_bib_avail.  |f 1  |g 0  |h N  |i 0  |k 1 
999 |a From the UDN01 
AVA |a UDN50  |b LSP  |d 895.634 VO-B  |e available  |t Error 5001 Not defined in file expand_doc_bib_avail.  |f 1  |g 0  |h N  |i 0  |k 1 
TYP |a Monograph 
TYP |a Printed language 
980 |a Mạng thư viện Đại học Đà Nẵng